Breve historia de la escultura cristiana
Gespeichert in:
| 1. Verfasser: | |
|---|---|
| Format: | Buch |
| Sprache: | Spanisch |
| Veröffentlicht: |
Andorra la Vieja
Casal i Vall
1961
|
| Schriftenreihe: | Yo Sé - Yo Creo. Enciclopedia del Católico en el Siglo XX. Las Artes cristianas, 126
|
| Schlagworte: | |
| Tags: |
Tag hinzufügen
Keine Tags, Fügen Sie den ersten Tag hinzu!
|
MARC
| LEADER | 00000nam a2200000 a 4500 | ||
|---|---|---|---|
| 001 | UCL2186 | ||
| 003 | CL-VaPUC | ||
| 008 | 031017e19610000AN |||||||||||||||||spa|d | ||
| 082 | 0 | 4 | |a 247 |b DEV |2 21 |
| 100 | 0 | |a Devidour, Víctor-Henry |e author |9 479231 | |
| 245 | 1 | 0 | |a Breve historia de la escultura cristiana |
| 300 | |a 149 p | ||
| 942 | |c BK | ||
| 945 | |d 20031017 00:00:00 |a rbrito | ||
| 260 | |a Andorra la Vieja |b Casal i Vall |c 1961 | ||
| 650 | 7 | |a ESCULTURA RELIGIOSA |2 CL-VaPUC |9 479232 | |
| 650 | 0 | |a Edad media |9 258041 | |
| 650 | 0 | |a Renacimiento |9 255107 | |
| 650 | 0 | |a Barroco |9 338027 | |
| 650 | 7 | |a ESCULTURA HISTORIA |2 CL-VaPUC |9 265595 | |
| 583 | |a last modification |c 20031017 00:00:00 |k Rodrigo Vera | ||
| 490 | 0 | |a Yo Sé - Yo Creo. Enciclopedia del Católico en el Siglo XX. Las Artes cristianas, 126 | |
| 999 | |c 305543 |d 305541 | ||
| 952 | |0 0 |1 0 |4 0 |6 247_000000000000000_DEV_1961 |7 0 |8 A |9 369628 |a BIBTEO |b BIBTEO |d 2019-11-21 |i 2081954 |o 247 DEV 1961 |p 2081954 |r 2025-01-17 |w 2019-11-21 |y BK |k ICR | ||